000 00259nam a2200109Ia 4500
008 220204s9999 xx 000 0 und d
082 _a82-3
_bMOR
100 _aMorgan, Stanley
245 4 _aThe Debt collector
260 _aHerts
_bMayflower
_c1970
942 _cBK
999 _c30403
_d30403